Vanádom katalyzovaná oxidácia furfuralu v plynnej fáze

Saved in:
Bibliographic Details
Main Author: Mozoľová, Lenka (Author)
Other Authors: Soták, Tomáš, 1985- (Thesis advisor)
Format: Manuscript Book
Language:Slovak
Subjects:
Online Access:http://is.stuba.sk/zp/portal_zp.pl?podrobnosti=103292
Tags: Add Tag
No Tags, Be the first to tag this record!

MARC

LEADER 00000ntm a22000003a 4500
001 stuzp45297
003 SK-STU
005 20160229160101.4
007 ta
008 150427s2015----xo-----f-mn---000-0-slo-d
040 |a STU  |b slo 
041 0 |a slo 
100 1 |a Mozoľová, Lenka  |u 048130  |4 aut  |U FCHPT Ústav organickej chémie, katalýzy a petrochémie  |T FCHPT Oddelenie organickej technológie  |X 68577  |U C8130  |Y 123  |7 68577 
242 0 1 |a Vanadium-Catalyzed Oxidation of Furfural in the Gas Phase  |y eng 
245 1 0 |a Vanádom katalyzovaná oxidácia furfuralu v plynnej fáze 
650 4 |a maleinanhydrid  |2 slo 
650 4 |a furfural  |2 slo 
650 4 |a oxidácia  |2 slo 
650 4 |a vanádové katalyzátory  |2 slo 
650 4 |a vanadium catalysts  |2 eng 
650 4 |a maleic anhydride  |2 eng 
650 4 |a oxidation  |2 eng 
650 4 |a furfural  |2 eng 
700 1 |a Soták, Tomáš,  |d 1985-  |4 ths  |X 21140  |7 A000021140 
856 4 |u http://is.stuba.sk/zp/portal_zp.pl?podrobnosti=103292 
SQL |a stuzp45297  |b DDP  |c SLO  |d Vanádom katalyzovaná oxidácia furfuralu v plynnej fáze  |e 68577  |f Mozoľová, Lenka  |g 048130  |h 21140  |i Soták, Tomáš  |j 20140609  |k 117  |l 04  |m http://is.stuba.sk/zp/portal_zp.pl?podrobnosti=103292